| Tag |
First Indicator |
Second Indicator |
Subfields |
| LEADER |
00000cam a2200000 i 4500 |
| 001 |
in00000066781 |
| 005 |
20151008050757.0 |
| 008 |
740607r19741972orua bb 00010 eng d |
| 035 |
|
|
|a (OCoLC)00910918
|
| 035 |
|
|
|9 AAG3290AM
|
| 040 |
|
|
|c MIA
|d TXA
|d UtOrBLW
|
| 049 |
|
|
|a TXAI
|
| 099 |
|
|
|a fiche
|a C
|a 1402
|
| 100 |
1 |
|
|a Bennett, Roberta Sue.
|
| 245 |
1 |
0 |
|a Effect of direction of rotation and head position on judgment of the inverted vertical /
|c by Roberta Sue Bennett.
|
| 264 |
|
1 |
|a Los Angeles, Ca :
|b Bennett,
|c 1972.
|
| 300 |
|
|
|a 129 leaves :
|b illustrations ;
|c 29 cm.
|
| 336 |
|
|
|a text
|b txt
|2 rdacontent
|
| 337 |
|
|
|a microform
|b h
|2 rdamedia
|
| 338 |
|
|
|a microfiche
|b he
|2 rdacarrier
|
| 500 |
|
|
|a Microfiche (negative) of typescript. Eugene : Microform Publications, College of Health, Physical Education and Recreation, University of Oregon, 1974. -- 2 sheets ; 10.5 x 14.8 cm.
|
| 502 |
|
|
|c University of Southern California.
|
| 504 |
|
|
|a Bibliography: leaves 109-122.
|
| 500 |
|
|
|a Microform.
|
| 650 |
|
0 |
|a Orientation.
|
| 650 |
|
0 |
|a Space perception.
|
| 999 |
|
|
|a MARS
|
| 999 |
f |
f |
|s cd4fb2b8-cdc0-3e5e-906a-d47622810b23
|i be78fc57-8f21-3d52-bd16-02354f84da96
|t 0
|
| 952 |
f |
f |
|p normal
|a Texas A&M University
|b College Station
|c Sterling C. Evans Library
|d Evans: Microforms (3rd floor)
|t 0
|e fiche C 1402
|h Other scheme
|i microform -- microfiche
|m A14820663419
|
| 998 |
f |
f |
|a fiche C 1402
|t 0
|l Evans: Microforms (3rd floor)
|